[Event "Bled op"]
[Site "Bled"]
[Date "1996.??.??"]
[Round "6"]
[White "Ibragimov, Ildar"]
[Black "Beliavsky, Alexander G"]
[Result "1/2-1/2"]
[WhiteElo "2575"]
[BlackElo "2615"]

1.c4 Nf6 2.Nc3 e6 3.d4 Bb4 4.e3 O-O 5.Bd3 c5 6.Nf3 d5 7.O-O dxc4 8.Bxc4 Nbd7
9.Bd3 cxd4 10.exd4 b6 11.Bg5 Bb7 12.Rc1 Be7 13.Qe2 h6 14.Bf4 Nh5 15.Be3 Bd6
16.Be4 Qb8 17.Ne5 Bxe5 18.Qxh5 Nf6 19.Qxe5 Nxe4 20.Nb5 Qd8 21.Rc7 Bd5 22.Rfc1 a6
23.f3 Nf6 24.Nc3 Rb8 25.Bf4 b5 26.Ne4 Bxe4 27.fxe4 b4 28.Be3 Ng4 29.Qg3 Nxe3
30.Qxe3 Rb5 31.R7c5  1/2-1/2

[Event "JUG-chT"]
[Site "Budva"]
[Date "1996.??.??"]
[Round "1"]
[White "Mukhametov, Eldar"]
[Black "Beliavsky, Alexander G"]
[Result "1/2-1/2"]
[WhiteElo "2505"]
[BlackElo "2615"]

1.e4 e6 2.d4 d5 3.e5 c5 4.c3 Nc6 5.Nf3 Bd7 6.Be2 f6 7.O-O Qb6 8.Bd3 O-O-O
9.dxc5 Bxc5 10.b4 Be7 11.Be3 Qc7 12.exf6 Nxf6 13.b5 Na5 14.Bd4 Bc5 15.Nbd2 Kb8
16.Qa4 Bxd4 17.Qxd4 Rc8 18.Rac1 Qb6 19.Qf4+ Ka8 20.Ne5 Rhd8 21.Qg5 Qc7 22.Rfe1 Be8
23.h3 h6 24.Qh4 Qc5 25.Qa4 Qb6 26.Ndf3 Ne4 27.Bxe4 Bxb5 28.Qd4 dxe4 29.Qxb6 axb6
30.Rxe4 Nc4 31.Nd4 Nxe5 32.Nxb5 Rd5 33.a4 Nd3 34.Ra1 Nc5 35.Rd4 Kb8 36.Rxd5 exd5
37.f3 Rd8 38.Kf2 Kc8 39.Ra2 Kd7 40.Rd2 Ke7 41.Rd4  1/2-1/2

[Event "JUG-chT"]
[Site "Budva"]
[Date "1996.??.??"]
[Round "6"]
[White "Beliavsky, Alexander G"]
[Black "Simic, Radoslav"]
[Result "1-0"]
[WhiteElo "2615"]
[BlackElo "2490"]

1.Nf3 d5 2.d4 c6 3.c4 Nf6 4.Nc3 a6 5.Ne5 Nbd7 6.Bf4 e6 7.e3 Be7 8.Bd3 Nxe5
9.Bxe5 O-O 10.O-O dxc4 11.Bxc4 b5 12.Bd3 Bb7 13.Qc2 h6 14.Rfd1 Qb6 15.Bxf6 gxf6
16.Ne4 Rfd8 17.Rac1 Rd5 18.Be2 Rad8 19.Bf3 R5d7 20.b4 a5 21.a3 axb4 22.axb4 f5
23.Nc5 Bxc5 24.bxc5 Qc7 25.h3 Ra8 26.g4 f4 27.Qe4 fxe3 28.Qxe3 Qd8 29.Qxh6 Rxd4
30.Kg2 Rxd1 31.Rxd1 Qf8 32.Qg5+ Qg7 33.Qe7 Rb8 34.Rd7 Ba8 35.g5 Rf8 36.h4 b4
37.h5 b3 38.Rd8 Rxd8 39.Qxd8+ Qf8 40.Qb6 Qg7 41.Qb8+ Qf8 42.Qe5 Qg7 43.Qxg7+ Kxg7
44.h6+ Kg6 45.Be4+ f5 46.gxf6 Kxf6 47.Kf3 Bb7 48.Ke3 e5 49.Kd2 Bc8 50.Bxc6 Kg6
51.Bd5 Kxh6 52.Kc3 Bf5 53.f3  1-0

[Event "Cacak"]
[Site "Cacak"]
[Date "1996.??.??"]
[Round "1"]
[White "Georgiev, Kiril"]
[Black "Beliavsky, Alexander G"]
[Result "0-1"]
[WhiteElo "2620"]
[BlackElo "2620"]

1.e4 e5 2.Nf3 Nc6 3.Bb5 a6 4.Ba4 Nf6 5.O-O Be7 6.Re1 b5 7.Bb3 d6 8.c3 O-O
9.h3 h6 10.d4 Re8 11.Nbd2 Bf8 12.Nf1 Bd7 13.Ng3 Na5 14.Bc2 c5 15.b3 Nc6 16.Be3 cxd4
17.cxd4 exd4 18.Nxd4 d5 19.exd5 Nxd5 20.Be4 Nxe3 21.Rxe3 Rc8 22.Nxc6 Bxc6
23.Qf3 Bxe4 24.Nxe4 Re6 25.Rc3 Rxc3 26.Nxc3 Bc5 27.Nd5 Qa5 28.g3 Qd2 29.Nf4 Re8
30.Rf1 Rd8 31.a4 bxa4 32.bxa4 a5 33.Qb3 Qb4 34.Qxb4 axb4 35.a5 Rd2 36.a6 b3
37.Rb1 g5 38.Nh5 Rxf2 39.Kh1 b2  0-1

[Event "Cacak"]
[Site "Cacak"]
[Date "1996.??.??"]
[Round "2"]
[White "Beliavsky, Alexander G"]
[Black "Paunovic, Dragan"]
[Result "1-0"]
[WhiteElo "2620"]
[BlackElo "2495"]

1.d4 Nf6 2.c4 g6 3.Nc3 Bg7 4.e4 d6 5.h3 O-O 6.Bg5 c6 7.Nf3 h6 8.Be3 e5 9.d5 cxd5
10.cxd5 a6 11.Nd2 Nbd7 12.Be2 Ne8 13.O-O f5 14.exf5 gxf5 15.f4 exf4 16.Bxf4 Ne5
17.Nb3 Kh8 18.Qd2 Qf6 19.Na4 b5 20.Nb6 Rb8 21.Rac1 Rxb6 22.Rxc8 Rb7 23.Qc2 Re7
24.Bc1 Qg6 25.Nd4 Ref7 26.Ne6 Rg8 27.Nf4 Qf6 28.Bh5 Re7 29.Bd2 Qh4 30.Ba5 Bf6
31.Qxf5 Ng7 32.Rxg8+ Kxg8 33.Qc8+ Kh7 34.Bd8 Nxh5 35.Qf5+ Kg8 36.Nxh5 Nf3+
37.Qxf3  1-0

[Event "Cacak"]
[Site "Cacak"]
[Date "1996.??.??"]
[Round "4"]
[White "Beliavsky, Alexander G"]
[Black "Hodgson, Julian M"]
[Result "1-0"]
[WhiteElo "2620"]
[BlackElo "2550"]

1.d4 d5 2.c4 c6 3.Nf3 Nf6 4.Nc3 a6 5.a4 e6 6.g3 dxc4 7.Bg2 c5 8.O-O Nc6 9.dxc5 Qxd1
10.Rxd1 Bxc5 11.Bg5 h6 12.Bxf6 gxf6 13.Ne4 Be7 14.Ned2 c3 15.bxc3 Na5 16.Nd4 f5
17.N4b3 Nxb3 18.Nxb3 e5 19.Bd5 O-O 20.Na5 Rb8 21.Rab1 Rd8 22.c4 Kg7 23.Rd3 Bd7
24.Nxb7 Bxa4 25.Ra1 Rxd5 26.Rxd5 Bc6 27.Na5 Bxd5 28.cxd5 Rb5 29.Nc4 Rxd5
30.Ne3 Rb5 31.Nxf5+ Kf6 32.Nxe7 Kxe7 33.Rxa6 h5 34.Rh6 e4 35.Kg2 Kf8 36.Rf6 Kg7
37.Rf4 f5 38.h3 Kg6 39.g4 hxg4 40.hxg4 fxg4 41.Kg3 e3 42.Rxg4+ Kf5 43.Rf4+ Kg6
44.fxe3 Rb3 45.Kf2 Kg5 46.Kf3 Ra3 47.Rf8 Ra1 48.Ke4 Ra4+ 49.Kd5 Ra5+ 50.Kd4 Ra4+
51.Kc5 Ra5+ 52.Kb4 Ra2 53.Rf2 Rc2 54.e4 Kg4 55.e5 Kg5 56.Kb5 Kg6 57.e6 Rc8
58.Rf3 Kg7  1-0

[Event "Cacak"]
[Site "Cacak"]
[Date "1996.??.??"]
[Round "6"]
[White "Beliavsky, Alexander G"]
[Black "Leko, Peter"]
[Result "1/2-1/2"]
[WhiteElo "2620"]
[BlackElo "2630"]

1.d4 Nf6 2.c4 c5 3.d5 b5 4.cxb5 a6 5.bxa6 g6 6.Nc3 Bxa6 7.e4 Bxf1 8.Kxf1 d6
9.Nf3 Nbd7 10.g3 Bg7 11.Kg2 O-O 12.h3 Qa5 13.Re1 Rfb8 14.e5 dxe5 15.Nxe5 Nxe5
16.Rxe5 Rb7 17.Qf3 Ne8 18.Re2 Nd6 19.Ne4 Nxe4 20.Qxe4 Qa6 21.a4 Bf6 22.Qf3 Rd8
23.Rc2 Bd4 24.a5 Rbd7 25.Be3 Rxd5 26.Bxd4 cxd4 27.b4 d3 28.Rc5 Rxc5 29.bxc5 d2
30.Rd1 Qxa5 31.Qe3 Qa4 32.Rxd2 Rxd2 33.Qxd2 Qc6+ 34.Kg1 Qxc5 35.Qb2 Qf5 36.Qb8+ Kg7
37.Qb2+ Qf6 38.Qb7 Qa1+ 39.Kg2 Qe5 40.Kg1 g5 41.Qb4 h6 42.h4 Kg6 43.hxg5 hxg5
44.Qb1+ Kg7 45.Qb4 Qe6 46.Qd4+ f6 47.Qb4 f5 48.Qb5 Qe1+ 49.Kg2 Qe4+ 50.Kg1 Kf7
51.Kh2 Qe6 52.Kg1 Kf6 53.Qb8 Kg7 54.Qb5 Qf6 55.Kg2 Kh6 56.Qd5 Kg7 57.Kg1 e6
58.Qd7+ Qf7 59.Qc6 Kf6 60.Qc3+ e5 61.Qc5 Qe6 62.Qc2 e4 63.Qd2 Kg6 64.Kh2 Qb6
65.Qa2 Kf6 66.Qd2 Qe6 67.Kg2 Kg6 68.Kg1 f4 69.gxf4 Qg4+ 70.Kf1 Qxf4 71.Qd7 Kh5
72.Qh3+ Qh4 73.Qf5 Qf4 74.Qh3+ Kg6 75.Qe6+  1/2-1/2

[Event "Cacak"]
[Site "Cacak"]
[Date "1996.??.??"]
[Round "8"]
[White "Marinkovic, Ivan"]
[Black "Beliavsky, Alexander G"]
[Result "1/2-1/2"]
[WhiteElo "2505"]
[BlackElo "2620"]

1.e4 d6 2.d4 g6 3.Nc3 Bg7 4.g3 c6 5.Bg2 b5 6.Nf3 Bb7 7.O-O Nd7 8.d5 a6 9.dxc6 Bxc6
10.Nd4 Bb7 11.a4 bxa4 12.Rxa4 Nc5 13.Ra3 Nf6 14.Re1 O-O 15.Nb3 Nfd7 16.Na5 Rb8
17.Nxb7 Nxb7 18.Nd5 a5 19.Bg5 Re8 20.b3 h6 21.Bd2 Ne5 22.Ne3 Qb6 23.Bf1 e6
24.Nc4 Nxc4 25.Bxc4 Ra8 26.Ra2 Nc5 27.Qe2 h5 28.h4 Red8 29.Be3 Qc7 30.Bxc5 Qxc5
31.Ra4 Bc3 32.Rd1 Qe5 33.Kg2 Rac8 34.Qf3 Bb4 35.Ra2 Rf8 36.Qe2 Kh7 37.Raa1 Rc7
38.Ra2 Rfc8 39.Qf3 Kg7 40.Qe2 Rf8 41.Rf1 Rfc8 42.f4 Qf6 43.Bd3 Bc3 44.Ra4 Bb4
45.Raa1 Rd8 46.Rad1 d5 47.e5 Qe7 48.Rf3 Bc3 49.Kh2 Rb8 50.Kg2 Rb4 51.Rdf1 a4
52.bxa4 Rxa4 53.Rb1 Bd4 54.Rh1 Ra2 55.Kh3 Rc3 56.Rff1 Qa3 57.Rc1 Qc5 58.Rcd1 Qa3
59.Qg2 Be3 60.Rhf1 Qa7 61.Qe2 Bd4 62.Rd2 Rca3 63.Qf3 Qa5 64.Qe2 Qc3 65.Rdd1  1/2-1/2

[Event "Graz op"]
[Site "Graz"]
[Date "1996.??.??"]
[Round "?"]
[White "Mihevc, Narcisa"]
[Black "Beliavsky, Alexander G"]
[Result "0-1"]
[WhiteElo "2250"]
[BlackElo "2615"]

1.e4 d6 2.d4 Nf6 3.Nc3 g6 4.Be3 c6 5.Bd3 Bg7 6.f3 Nbd7 7.Qd2 e5 8.O-O-O O-O
9.dxe5 dxe5 10.g4 Qa5 11.Kb1 Nb6 12.h4 Rd8 13.Qe2 Be6 14.h5 c5 15.Qf2 Rd4
16.hxg6 fxg6 17.Nh3 Nc4 18.Bxd4 exd4 19.Nd5 Nxb2 20.Qd2 Qa4 21.Kxb2 Nxd5
22.exd5 Bxd5 23.Qg5 Qxa2+ 24.Kc1 Rf8 25.Rhf1 Bf6 26.Qh6 c4 27.Ng5 Bxg5+ 28.Qxg5 c3
29.Rde1 Qa1+  0-1

[Event "Graz op"]
[Site "Graz"]
[Date "1996.??.??"]
[Round "?"]
[White "Cebalo, Miso"]
[Black "Beliavsky, Alexander G"]
[Result "1/2-1/2"]
[WhiteElo "2495"]
[BlackElo "2615"]

1.d4 d5 2.c4 c6 3.Nf3 Nf6 4.Nc3 dxc4 5.a4 Bg4 6.Ne5 Bh5 7.h3 Na6 8.g4 Bg6
9.Bg2 Nb4 10.O-O Bc2 11.Qd2 Bb3 12.a5 e6 13.a6 Qc7 14.axb7 Qxb7 15.Na4 Rd8
16.Qg5 h6 17.Qh4 Be7 18.Nc5 Bxc5 19.dxc5 Nd7 20.Nf3 Nf8 21.Qg3 Ng6 22.h4 Nc2
23.Ra5 O-O 24.h5 Ne7 25.Bf4 f6  1/2-1/2

[Event "Graz op"]
[Site "Graz"]
[Date "1996.??.??"]
[Round "?"]
[White "Beliavsky, Alexander G"]
[Black "Ibragimov, Ildar"]
[Result "1-0"]
[WhiteElo "2615"]
[BlackElo "2575"]

1.d4 d5 2.c4 dxc4 3.Nf3 e6 4.e4 c5 5.Bxc4 a6 6.O-O cxd4 7.Nxd4 Ne7 8.Be3 Nbc6
9.Nb3 Ng6 10.Qxd8+ Nxd8 11.Rd1 Be7 12.Bf1 Bd7 13.Nc3 Rc8 14.Rd2 Ne5 15.Rad1 g5
16.Na5 Bc5 17.Bxc5 Rxc5 18.Nc4 Nxc4 19.Rxd7 Nc6 20.Na4 Ra5 21.b3 Rxa4 22.bxa4 N4a5
23.Bb5  1-0

[Event "Graz op"]
[Site "Graz"]
[Date "1996.??.??"]
[Round "?"]
[White "Beliavsky, Alexander G"]
[Black "Lendwai, Reinhard"]
[Result "1-0"]
[WhiteElo "2615"]
[BlackElo "2375"]

1.d4 Nf6 2.c4 e6 3.Nc3 Bb4 4.e3 O-O 5.Bd3 c5 6.Nf3 d5 7.O-O Nc6 8.a3 Bxc3
9.bxc3 dxc4 10.Bxc4 Qc7 11.h3 b6 12.Bb2 Bb7 13.Qe2 e5 14.Rfd1 Rad8 15.a4 h6
16.Bb5 e4 17.Nd2 Na5 18.Ba6 Bxa6 19.Qxa6 c4 20.Ba3 Rd5 21.Bxf8 Kxf8 22.Rdb1 Nd7
23.Rb5 Nb8 24.Qxa5 bxa5 25.Rxd5 Nd7 26.Rb1 g5 27.Nxc4 Qxc4 28.Rxd7 Qxa4 29.Rxa7 Kg7
30.c4 Qxc4 31.Rxa5 Qc7 32.Rc5 Qd7 33.g4 Qe7 34.Re5 Qc7 35.Kg2 Kg6 36.Rc5 Qd7
37.Rb6+ Kg7 38.Rf5 Qc7 39.Rbf6  1-0

[Event "Graz op"]
[Site "Graz"]
[Date "1996.??.??"]
[Round "?"]
[White "Stanec, Nikolaus"]
[Black "Beliavsky, Alexander G"]
[Result "0-1"]
[WhiteElo "2490"]
[BlackElo "2615"]

1.c4 e6 2.d4 Nf6 3.Nc3 Bb4 4.e3 c5 5.Bd3 Nc6 6.Ne2 cxd4 7.exd4 d5 8.O-O dxc4
9.Bxc4 O-O 10.Bg5 Be7 11.a3 Nd5 12.Bxe7 Ncxe7 13.Nxd5 Nxd5 14.Qb3 Nb6 15.Rfd1 Bd7
16.Nc3 Rc8 17.Bb5 Rc7 18.a4 Bc6 19.Bxc6 bxc6 20.Ne4 Rd7 21.a5 Nc8 22.Qa4 Ne7
23.Ng5 Rd5 24.Nf3 Qd6 25.h3 Rb8 26.Rd2 Qb4 27.Qxb4 Rxb4 28.Rc2 f6 29.a6 Kf7
30.Re1 h5 31.h4 Rd6 32.g3 Nf5 33.Kg2 Ke7 34.Rec1 Kd7 35.Ra1 Nxd4 36.Nxd4 Rdxd4
37.Ra5 Rd5 38.Ra3 e5 39.Rf3 Rb6 40.Ra3 Kc7 41.Kf3 Rdb5 42.Ra2 Rb3+ 43.Ke2 R6b4  0-1

[Event "SLO-ch"]
[Site "Grize"]
[Date "1996.??.??"]
[Round "?"]
[White "Beliavsky, Alexander G"]
[Black "Mohr, Georg"]
[Result "1-0"]
[WhiteElo "2620"]
[BlackElo "2510"]

1.d4 Nf6 2.c4 g6 3.Nc3 Bg7 4.e4 d6 5.Nf3 O-O 6.Be2 e5 7.O-O Nc6 8.d5 Ne7
9.b4 a5 10.bxa5 c5 11.Ne1 Qxa5 12.Bd2 h6 13.a4 Qd8 14.Ra3 Ra6 15.Kh1 Kh7
16.g3 Nd7 17.Ng2 f5 18.exf5 Nxf5 19.Bd3 Nb6 20.f4 Nd7 21.Nb5 exf4 22.Bxf4 Ne5
23.Bxe5 Bxe5 24.Bc2 Rg8 25.Raf3 Qg5 26.Qe1 Bd7 27.Nf4 Bxf4 28.Rxf4 Re8 29.Qc3 Re5
30.g4 Ng7 31.Rf6  1-0

[Event "SLO-ch"]
[Site "Grize"]
[Date "1996.??.??"]
[Round "?"]
[White "Gostisa, Leon"]
[Black "Beliavsky, Alexander G"]
[Result "0-1"]
[WhiteElo "2405"]
[BlackElo "2620"]

1.d4 d5 2.c4 c6 3.Nf3 Nf6 4.Nc3 dxc4 5.a4 Bg4 6.e3 e6 7.Bxc4 Na6 8.O-O Nb4
9.Qe2 Be7 10.Rd1 O-O 11.b3 c5 12.dxc5 Qa5 13.Bb2 Bxc5 14.h3 Bh5 15.Rd2 Nc6
16.Qd1 Bb4 17.Rc1 Rac8 18.g4 Bg6 19.Bd3 Rc7 20.Qe2 h5 21.Bxg6 hxg4 22.hxg4 fxg6
23.Nh2 Ne5 24.Rdc2 Nfxg4 25.Qb5 Nxh2 26.Kxh2 Rfc8  0-1

[Event "SLO-ch"]
[Site "Grize"]
[Date "1996.??.??"]
[Round "?"]
[White "Beliavsky, Alexander G"]
[Black "Krumpacnik, Domen"]
[Result "1-0"]
[WhiteElo "2620"]
[BlackElo "2385"]

1.d4 Nf6 2.c4 e6 3.Nf3 Bb4+ 4.Bd2 Qe7 5.g3 d5 6.Bg2 O-O 7.O-O Rd8 8.Qc2 Nc6
9.Rd1 a5 10.Bg5 dxc4 11.a3 Bd6 12.Nbd2 h6 13.Bxf6 Qxf6 14.Nxc4 Bf8 15.e3 a4
16.Rac1 Bd7 17.Nfe5 Be8 18.Nxc6 Bxc6 19.Bxc6 bxc6 20.Qe4 Rd5 21.Ne5 c5 22.Nd7 Qd8
23.Nxf8 Kxf8 24.Qh7 f6 25.Rc4 e5 26.Rdc1 exd4 27.exd4 Rxd4 28.Rxc5 Rd1+ 29.Rxd1 Qxd1+
30.Kg2 Qd6 31.Qh8+ Kf7 32.Qxa8 Qxc5 33.Qxa4 Qd5+ 34.Kg1 c5 35.h4 f5 36.Qa7+ Kg6
37.Qa6+ Kh7 38.Qe2 f4 39.gxf4 Qd4 40.Qe3 Qxb2 41.Qxc5 Qf6 42.Qe5 Qxh4 43.Qf5+ Kh8
44.a4 Qd8 45.a5 Qa8 46.Kf1 Qa6+ 47.Kg1 Qa8 48.Qc5 Qb7 49.Qf8+ Kh7 50.Qf5+ Kh8
51.Qe6 Qb8 52.a6 Qxf4 53.a7 Qg5+ 54.Kh2 Qh4+ 55.Kg2 Qg5+ 56.Kh3 Qh5+ 57.Kg3 Qg5+
58.Qg4 Qd8 59.Qf4  1-0

[Event "SLO-ch"]
[Site "Grize"]
[Date "1996.??.??"]
[Round "?"]
[White "Podlesnik, Bogdan"]
[Black "Beliavsky, Alexander G"]
[Result "1/2-1/2"]
[WhiteElo "2420"]
[BlackElo "2620"]

1.e4 c5 2.Nc3 d6 3.f4 Nc6 4.Nf3 Nf6 5.d4 cxd4 6.Nxd4 Qb6 7.Nb3 g6 8.Nd5 Nxd5
9.exd5 Na5 10.Nxa5 Qxa5+ 11.c3 Bg7 12.Be3 Bf5 13.Bd4 Bf6 14.Be2 Be4 15.O-O O-O
16.Bf3  1/2-1/2

[Event "SLO-ch"]
[Site "Grize"]
[Date "1996.??.??"]
[Round "?"]
[White "Beliavsky, Alexander G"]
[Black "Soln, Primoz"]
[Result "1-0"]
[WhiteElo "2620"]
[BlackElo "2330"]

1.e4 c5 2.Nf3 e6 3.d4 cxd4 4.Nxd4 Nf6 5.Nc3 d6 6.g4 a6 7.g5 Nfd7 8.h4 b5
9.Be3 b4 10.Nce2 Bb7 11.Bg2 Nc5 12.Ng3 Nbd7 13.O-O g6 14.a3 bxa3 15.Rxa3 Nb6
16.Nb3 Nc4 17.Qd4 Nxe3 18.Nxc5 dxc5 19.Qxe3 e5 20.Rd3 Qc7 21.Rfd1 Bc6 22.Bh3 Be7
23.Bd7+ Bxd7 24.Rxd7 Qxd7 25.Rxd7 Kxd7 26.Qb3 Rab8 27.Qd5+ Bd6 28.Qxf7+ Kc6
29.b3 Rb7 30.Qd5+ Kc7 31.Nf1 Rb4 32.Ne3 Rd4 33.Qf7+ Kc6 34.c3 Rd2 35.Nc4 Rf8
36.Qa7 Rd1+ 37.Kg2 Rf4 38.Qxa6+ Kd7 39.Nb6+  1-0

[Event "SLO-ch"]
[Site "Grize"]
[Date "1996.??.??"]
[Round "?"]
[White "Beliavsky, Alexander G"]
[Black "Tratar, Marko"]
[Result "1-0"]
[WhiteElo "2620"]
[BlackElo "2420"]

1.d4 Nf6 2.c4 d6 3.Nc3 g6 4.g3 Bg7 5.Nf3 O-O 6.Bg2 Nbd7 7.O-O e5 8.e4 exd4
9.Nxd4 Re8 10.h3 a6 11.Be3 Rb8 12.a4 Nc5 13.Qc2 Qe7 14.f3 a5 15.Rad1 Bd7
16.Rfe1 Rbd8 17.Ndb5 Be6 18.Nd5 Nxd5 19.cxd5 Bd7 20.Bf1 Rf8 21.Kg2 b6 22.Bc4 Rde8
23.b3 Bxb5 24.Bxb5 Rd8 25.Bc4 Rde8 26.Bf2 Qd8 27.f4 Re7 28.Re2 f5 29.e5 Kh8
30.e6 Bf6 31.g4 Bg7 32.Bg3 Ne4 33.Rxe4 fxe4 34.Qxe4 Bf6 35.h4 Rg8 36.g5 Bg7
37.h5  1-0

[Event "SLO-ch"]
[Site "Grize"]
[Date "1996.??.??"]
[Round "?"]
[White "Mencinger, Vojko"]
[Black "Beliavsky, Alexander G"]
[Result "0-1"]
[WhiteElo "2390"]
[BlackElo "2620"]

1.Nf3 Nf6 2.d4 g6 3.Bg5 Bg7 4.Nbd2 d5 5.e3 O-O 6.Be2 c5 7.c3 b6 8.O-O Nc6
9.h3 Bb7 10.Rb1 Rc8 11.Qa4 Ne4 12.Nxe4 dxe4 13.Nd2 Qd5 14.Bh4 cxd4 15.cxd4 e5
16.Qb3 Na5 17.Qxd5 Bxd5 18.dxe5 Rc2 19.Rfd1 Bxa2 20.Rbc1 Rfc8 21.Rxc2 Rxc2
22.Nxe4 Bxe5 23.f4 Bxb2 24.Rd8+ Kg7 25.Be7 h6 26.Bf3 Nc6 27.Bf8+ Kh7 28.Ra8 a5
29.g4 Nb4 30.Bxb4 axb4 31.Rxa2 b3 32.Ra8 Bg7 33.Rd8 b2 34.Rd1 f5 35.gxf5 gxf5
36.Kf1 b5 37.h4 b4 38.h5 Bc3 39.Rd7+ Kh8 40.Rd8+ Kg7 41.Rd7+ Kf8 42.Nxc3 Rxc3  0-1

[Event "HUN-chT1 9697"]
[Site "Hungary"]
[Date "1996.??.??"]
[Round "2"]
[White "Beliavsky, Alexander G"]
[Black "Kallai, Gabor"]
[Result "1-0"]
[WhiteElo "2615"]
[BlackElo "2495"]

1.d4 d5 2.c4 c6 3.Nf3 Nf6 4.Nc3 a6 5.Ne5 e6 6.cxd5 cxd5 7.Bf4 b5 8.e3 Be7
9.Bd3 Bb7 10.O-O Nbd7 11.a4 b4 12.Nb1 O-O 13.a5 Nxe5 14.Bxe5 Bd6 15.Bxd6 Qxd6
16.Nd2 e5 17.Nb3 Bc8 18.Be2 Re8 19.Rc1 h6 20.dxe5 Qxe5 21.Nd4 Bd7 22.Qb3 Bg4
23.Bd3 Ne4 24.Bxe4 dxe4 25.Qxb4 Rab8 26.Qa3 Rb7 27.Rc6 Qg5 28.Rc5 Qg6 29.Kh1 Kh7
30.b4 Qf6 31.Qc3 Reb8 32.Qc2 Re8 33.Rb1 Bd7 34.Kg1 Qg6 35.Ne2 Bb5 36.Nf4 Qf6
37.Rd1 g5 38.Nd5 Qg7 39.Rd4 Bd3 40.Qc3 Re6 41.Nb6 Bb5 42.h3 g4 43.hxg4 Qxg4
44.Nd5 Rd7 45.Rc7 Bd3 46.f3 Qg3 47.Rxd7 Rc6 48.Rxf7+ Kg8 49.Rf5  1-0

[Event "Maribor"]
[Site "Maribor"]
[Date "1996.??.??"]
[Round "?"]
[White "Beliavsky, Alexander G"]
[Black "Simic, Dragan"]
[Result "1-0"]
[WhiteElo "2615"]
[BlackElo "2330"]

1.d4 d5 2.c4 c6 3.Nf3 Nf6 4.Nc3 a6 5.Ne5 e6 6.Bg5 Nbd7 7.Qc2 Qa5 8.Nxd7 Bxd7
9.Bxf6 gxf6 10.e3 b5 11.c5 Qc7 12.Bd3 e5 13.Bf5 e4 14.Bxd7+ Qxd7 15.O-O Bg7
16.f3 f5 17.Qf2 O-O 18.Ne2 Rae8 19.fxe4 fxe4 20.Ng3 Re6 21.Nf5 Rg6 22.Qf4 Kh8
23.Rf2 Bf6 24.g4 Rxg4+ 25.Qxg4 Rg8 26.Qxg8+ Kxg8 27.Raf1 Be7 28.Rg2+ Kf8
29.Nh6 Ke8 30.Rg8+ Bf8 31.Rxf7 Qxf7 32.Nxf7 Kxf7 33.Rg5 a5 34.Rf5+ Kg7 35.Kg2 Be7
36.Kg3 Bd8 37.Kg4 Bc7 38.Rg5+ Kf7 39.Kf5 Bxh2 40.Rh5 Bg1 41.Rxh7+ Kg8  1-0

[Event "Maribor"]
[Site "Maribor"]
[Date "1996.??.??"]
[Round "?"]
[White "Beliavsky, Alexander G"]
[Black "Gostisa, Leon"]
[Result "1/2-1/2"]
[WhiteElo "2615"]
[BlackElo "2425"]

1.d4 Nf6 2.c4 e6 3.Nc3 Bb4 4.e3 Nc6 5.Bd3 e5 6.Ne2 d5 7.cxd5 Nxd5 8.e4 Nb6
9.d5 Ne7 10.Qb3 Bc5 11.a4 a5 12.O-O O-O 13.Bg5 h6 14.Bh4 Nd7 15.Rac1 Bb4
16.Qc2 Nc5 17.Bc4 Bd7 18.Rfd1 Qe8 19.Nb5 Na6 20.d6 Ng6 21.Bg3 c6 22.Na3 b5
23.Ba2 Nc5 24.axb5 cxb5 25.Qb1 Ne6 26.Nc2 Bc5 27.Ne1 Rc8 28.Rd5 Nd4 29.Rcxc5 Nxe2+
30.Kf1 Nef4 31.Bxf4 Rxc5 32.Rxc5 Nxf4 33.Nd3 Ne6 34.Rxe5 Qb8 35.Qd1 Qxd6
36.Rd5 Qc7 37.Ne5 Bc8 38.Rd6 Ng5 39.f3 Be6 40.Bxe6 Nxe6 41.Nc6 Re8 42.e5 Kh8
43.Qd3 Qb6 44.Nd4 Qc5 45.Qxb5 Qxb5+ 46.Nxb5 Rb8 47.Nc3 Rxb2 48.Ra6 Nf4 49.Rxa5 Nxg2
50.Ne2 Ne3+ 51.Kf2 Nd1+ 52.Ke1 Ne3 53.Ra4 Kh7 54.Re4 Nf5 55.e6  1/2-1/2

[Event "Maribor"]
[Site "Maribor"]
[Date "1996.??.??"]
[Round "?"]
[White "Beliavsky, Alexander G"]
[Black "Barle, Janez"]
[Result "1-0"]
[WhiteElo "2615"]
[BlackElo "2430"]

1.e4 e5 2.Nf3 Nc6 3.Bb5 a6 4.Ba4 Nf6 5.O-O Be7 6.Re1 b5 7.Bb3 d6 8.c3 O-O
9.h3 h6 10.d4 Re8 11.Nbd2 Bf8 12.Nf1 Bd7 13.Ng3 Na5 14.Bc2 c5 15.dxe5 dxe5
16.Nh2 Be6 17.Qf3 g6 18.Ngf1 Bg7 19.Ne3 Nc4 20.Nxc4 Bxc4 21.Bb3 Bxb3 22.axb3 Qd6
23.Be3 Qc6 24.Ng4 Nxg4 25.hxg4 Qe6 26.Bxc5 Qxb3 27.Qe2 Red8 28.g3 Qe6 29.Red1 Qc6
30.Bb4 Bf8 31.Ba5 Rxd1+ 32.Rxd1 Qe6 33.Rd5 Rc8 34.Qd1 Rc4 35.Rd8 Kg7 36.Qd5 Qxg4
37.Qxe5+ f6 38.Qe8  1-0

[Event "Maribor"]
[Site "Maribor"]
[Date "1996.??.??"]
[Round "?"]
[White "Mohr, Georg"]
[Black "Beliavsky, Alexander G"]
[Result "0-1"]
[WhiteElo "2495"]
[BlackElo "2615"]

1.e4 e6 2.d4 d5 3.Nd2 c5 4.exd5 Qxd5 5.Ngf3 cxd4 6.Bc4 Qd6 7.O-O Nf6 8.Nb3 Nc6
9.Nbxd4 Nxd4 10.Nxd4 a6 11.c3 Qc7 12.Qe2 Bd6 13.h3 O-O 14.Bb3 h6 15.Qf3 b6
16.Bxh6 Bb7 17.Qe3 gxh6 18.Qxh6 Bh2+ 19.Kh1 Qf4 20.Qxf4 Bxf4 21.Bxe6 fxe6
22.Nxe6 Ne4 23.Nxf8 Rxf8 24.Kg1 Rf7 25.f3 Nd2 26.Rfd1 Be3+ 27.Kh2 Rg7 28.Re1 Nxf3+  0-1

[Event "JUG-chT"]
[Site "Niksic"]
[Date "1996.??.??"]
[Round "?"]
[White "Karpov, Anatoly"]
[Black "Beliavsky, Alexander G"]
[Result "1-0"]
[WhiteElo "2775"]
[BlackElo "2620"]

1.d4 Nf6 2.c4 e6 3.Nf3 d5 4.Nc3 Be7 5.Bg5 h6 6.Bh4 O-O 7.e3 b6 8.Qb3 Bb7
9.Bxf6 Bxf6 10.cxd5 exd5 11.Rd1 c6 12.Bd3 Bc8 13.O-O Bg4 14.Ne2 Qe7 15.Bb1 Rc8
16.h3 Bxf3 17.gxf3 Nd7 18.Nf4 Nf8 19.Rd2 Rd8 20.Rc1 Rd6 21.Bf5 Bg5 22.Ng2 Rad8
23.f4 Bf6 24.Rdc2 c5 25.dxc5 bxc5 26.Rxc5 Rb6 27.Rb5 Rxb5 28.Qxb5 d4 29.b4 dxe3
30.fxe3 g5 31.Qc5 Rd6 32.Kh1 Ne6 33.Qc8+ Kg7 34.Rg1 Rd2 35.Qc4 Qd6 36.a4 Kf8
37.Qc8+ Kg7 38.Bxe6 Qxe6 39.Qxe6 fxe6 40.Rc1 Kg6 41.b5 gxf4 42.Nxf4+ Kf5
43.Rc4 Bg5 44.Ng2 Ke5 45.Kg1 Kd5 46.Rc7 Ke4 47.h4 Bf6 48.Rc4+ Kd5 49.Rg4 e5
50.Rg6 Bd8 51.Rxh6 Ke4 52.Rh7 Kf3 53.Rf7+ Kg3 54.Rg7+ Kf3 55.h5 e4 56.Kh2 Bf6
57.Rg8 Be7 58.Rg3+ Kf2 59.Rg7 Bd6+ 60.Kh3 Be5 61.Rxa7 Kg1 62.Re7  1-0

[Event "Rubinstein mem"]
[Site "Polanica Zdroj"]
[Date "1996.??.??"]
[Round "1"]
[White "Beliavsky, Alexander G"]
[Black "Gulko, Boris F"]
[Result "1/2-1/2"]
[WhiteElo "2620"]
[BlackElo "2615"]

1.d4 e6 2.e4 b6 3.c4 Bb7 4.Bd3 f5 5.Nc3 Bb4 6.d5 fxe4 7.Bxe4 Nf6 8.Bf3 e5
9.Bd2 O-O 10.Nge2 c6 11.O-O cxd5 12.Nxd5 Nxd5 13.Bxd5+ Bxd5 14.cxd5 Bxd2
15.Qxd2 Na6 16.d6 Nc5 17.Qd5+ Kh8 18.b4 Ne6 19.Qxe5 a5 20.b5 Qh4 21.Qe3 Qc4
22.Rfc1 Qxb5 23.Nd4 Nxd4 24.Qxd4 Rf6 25.Rab1 Qe2 26.Rb2 Qe6 27.Qxb6 Qxd6
28.Qxd6 Rxd6 29.g3 Kg8 30.Rc4 Rd5 31.h4 Ra6 32.Kg2 Kf7 33.Re2 Re6  1/2-1/2

[Event "Rubinstein mem"]
[Site "Polanica Zdroj"]
[Date "1996.??.??"]
[Round "2"]
[White "Beliavsky, Alexander G"]
[Black "Movsesian, Sergei"]
[Result "1/2-1/2"]
[WhiteElo "2620"]
[BlackElo "2635"]

1.d4 Nf6 2.c4 e6 3.Nc3 Bb4 4.e3 c5 5.Ne2 cxd4 6.exd4 O-O 7.a3 Be7 8.d5 exd5
9.cxd5 Re8 10.g3 Bc5 11.Bg2 d6 12.O-O a6 13.Bf4 Bg4 14.Qd2 Nbd7 15.b4 Ba7
16.Bxd6 Bxe2 17.Nxe2 Ng4 18.Rac1 Ne3 19.Rfe1 Nxg2 20.Kxg2 Nf6 21.Bc5 b6 22.Be3 Nxd5
23.Bd4 b5 24.Bxa7 Rxa7 25.Nd4 Rxe1 26.Rxe1 Nf6 27.Qf4 Rd7 28.Nf5 g6 29.Qg5 h5
30.h3 Nd5 31.Qxd8+  1/2-1/2

[Event "Rubinstein mem"]
[Site "Polanica Zdroj"]
[Date "1996.??.??"]
[Round "5"]
[White "Rublevsky, Sergei"]
[Black "Beliavsky, Alexander G"]
[Result "1/2-1/2"]
[WhiteElo "2645"]
[BlackElo "2620"]

1.e4 e6 2.d4 d5 3.Nd2 c5 4.exd5 Qxd5 5.Ngf3 cxd4 6.Bc4 Qd6 7.O-O Nf6 8.Nb3 Nc6
9.Nbxd4 Nxd4 10.Nxd4 a6 11.Re1 Be7 12.c3 e5 13.Nf3 Qxd1 14.Rxd1 e4 15.Ne5 O-O
16.Be3 Bf5 17.h3 Rac8 18.Bb3 Be6 19.Bxe6 fxe6 20.Nd7 Rfd8 21.Nb6 Rc6 22.c4 Rd3
23.Rxd3 exd3 24.Rd1 Bd8 25.Na4 Rxc4 26.Rxd3 Be7 27.Nc3  1/2-1/2

[Event "Rubinstein mem"]
[Site "Polanica Zdroj"]
[Date "1996.??.??"]
[Round "11"]
[White "Huebner, Robert"]
[Black "Beliavsky, Alexander G"]
[Result "0-1"]
[WhiteElo "2595"]
[BlackElo "2620"]

1.e4 e5 2.Nf3 Nc6 3.Bb5 a6 4.Bxc6 dxc6 5.O-O f6 6.d4 Bg4 7.dxe5 Qxd1 8.Rxd1 fxe5
9.Nbd2 Bd6 10.h3 Bh5 11.Nc4 Bxf3 12.gxf3 O-O-O 13.Rd3 Nf6 14.Be3 Rhe8 15.Rad1 Re6
16.Bg5 Be7 17.Rxd8+ Bxd8 18.f4 exf4 19.f3 Be7 20.Bxf4 Nxe4 21.Re1 Ng5 22.Rxe6 Nxe6
23.Be5 b5 24.Ne3 Bd6 25.Bc3 g6 26.Kf1 Nf4 27.h4 Kd7 28.Ng4 Ke6 29.Bd2 Nd5
30.Nf2 Be7 31.Ne4 Bxh4 32.Nc5+ Kd6 33.Nxa6 c5 34.a3 c4 35.Nb4 c5 36.Na2 Bf6
37.b3 cxb3 38.cxb3 h5 39.a4 bxa4 40.bxa4 Kc6 41.Ke2 c4 42.Nb4+ Nxb4 43.Bxb4 h4
44.f4 c3 45.Kf3 c2  0-1